01011nam a2200289Ia 450000500170000000800410001702000180005810000290007624500940010525000180019930000250021749000240024253400240026665000370029065000410032765000350036865000540040365000320045765000360048970000360052526400260056133600270058733700330061433800280064704000350067508400110071020220317001451.0161108s2005 s g 000 f s  a97884842844061 aGide, Andréd1869-195114aLos falsificadores de monedac André Gide ; traducción María Teresa Gallego Urrutia a1a. edición a411 páginasc21 cm aClásicos modernos tLes faux-monnayeurs142LEMBaNovela francesaySiglo XIX142LEMBaLiteratura francesaySiglo XIX142LEMBaJovenes en la literatura142LEMBaFalsificación De Monedas en la literatura142LEMBaRobo en la literatura142LEMBaSuicidio en la literatura1 aGallego Urrutia, María Teresa aBarcelonabAlbac2005 atextobtxt2rdacontent asin mediaciónbn2rdamedia avolumenbnc2rdacarrier aCO-BoRNBPbspaerdacCO-BoRNBP aN GID1